000 00296nam a22001217a 4500
008 170508b xxu||||| |||| 00| 0 eng d
041 _aeng
080 _a34
100 _a15
101 _aSHJ
245 _aAMERICA JURISPRUDENCE PLEADING AND PRACTICE FORMS
_cSTATE AND FEDERAL
942 _2udc
_cBK
999 _c12874
_d12874